<?xml version="1.0" encoding="UTF-8"?>
<record
    xmlns:xsi="http://www.w3.org/2001/XMLSchema-instance"
    xsi:schemaLocation="http://www.loc.gov/MARC21/slim http://www.loc.gov/standards/marcxml/schema/MARC21slim.xsd"
    xmlns="http://www.loc.gov/MARC21/slim">

  <leader>01895cam a22003491i 4500</leader>
  <controlfield tag="001">gs 43000023 </controlfield>
  <controlfield tag="003">DLC</controlfield>
  <controlfield tag="005">20260227111348.0</controlfield>
  <controlfield tag="008">780227s1942    ksuab         000 0 eng c</controlfield>
  <datafield tag="010" ind1=" " ind2=" ">
    <subfield code="a">gs 43000023 </subfield>
  </datafield>
  <datafield tag="035" ind1=" " ind2=" ">
    <subfield code="a">(OCoLC)3674037</subfield>
  </datafield>
  <datafield tag="040" ind1=" " ind2=" ">
    <subfield code="a">U. S. Geol. survey.  Library.</subfield>
    <subfield code="c">TxEU</subfield>
    <subfield code="d">OCoLC</subfield>
    <subfield code="d">DLC</subfield>
  </datafield>
  <datafield tag="042" ind1=" " ind2=" ">
    <subfield code="a">premarc</subfield>
  </datafield>
  <datafield tag="050" ind1="0" ind2="0">
    <subfield code="a">QE113</subfield>
    <subfield code="b">.A2 no. 45</subfield>
  </datafield>
  <datafield tag="082" ind1=" " ind2=" ">
    <subfield code="a">(557.81)</subfield>
    <subfield code="a">557.81</subfield>
  </datafield>
  <datafield tag="100" ind1="1" ind2=" ">
    <subfield code="a">Frye, John Chapman,</subfield>
    <subfield code="d">1912-</subfield>
  </datafield>
  <datafield tag="245" ind1="1" ind2="0">
    <subfield code="a">Geology and ground-water resources of Meade County, Kansas /</subfield>
    <subfield code="c">by John C. Frye ; with analyses by Robert H. Hess and Elza O. Holmes.</subfield>
  </datafield>
  <datafield tag="260" ind1=" " ind2=" ">
    <subfield code="a">Topeka :</subfield>
    <subfield code="b">Printed by Kansas State printing plant,</subfield>
    <subfield code="c">1942.</subfield>
  </datafield>
  <datafield tag="300" ind1=" " ind2=" ">
    <subfield code="a">152 p. :</subfield>
    <subfield code="b">incl. illus., tables, diagrs., maps (3 fold. in pocket) ;</subfield>
    <subfield code="c">23 cm.</subfield>
  </datafield>
  <datafield tag="490" ind1="0" ind2=" ">
    <subfield code="a">Kansas. State geological survey. Bulletin 45</subfield>
  </datafield>
  <datafield tag="500" ind1=" " ind2=" ">
    <subfield code="a">University of Kansas publications, December 1942.</subfield>
  </datafield>
  <datafield tag="500" ind1=" " ind2=" ">
    <subfield code="a">At head of title:  State geological survey of Kansas, Raymond C. Moore ...state geologist and director, John C. Frye ...assistant state geologist and assistant director.  Division of ground water, Stanley W. Lohman, geologist in charge.</subfield>
  </datafield>
  <datafield tag="500" ind1=" " ind2=" ">
    <subfield code="a">"Prepared by the United States Geological survey and the State geological survey of Kansas, with the cooperation of the Division of sanitation of the Kansas State board of health, and the Division of waterr resources of the Kansas State board of agriculture."</subfield>
  </datafield>
  <datafield tag="501" ind1=" " ind2=" ">
    <subfield code="a">With : Geology and ground-water resources of Ford County, Kansas / by Herbert A. Waite, 1942.  Bound together subsequent to publication.</subfield>
    <subfield code="5">DLC</subfield>
  </datafield>
  <datafield tag="504" ind1=" " ind2=" ">
    <subfield code="a">"References": p. 112-115.</subfield>
  </datafield>
  <datafield tag="650" ind1=" " ind2="0">
    <subfield code="a">Geology</subfield>
    <subfield code="z">Kansas</subfield>
    <subfield code="z">Meade County.</subfield>
  </datafield>
  <datafield tag="650" ind1=" " ind2="0">
    <subfield code="a">Water-supply</subfield>
    <subfield code="z">Kansas</subfield>
    <subfield code="z">Meade County.</subfield>
  </datafield>
  <datafield tag="650" ind1=" " ind2="0">
    <subfield code="a">Groundwater</subfield>
    <subfield code="z">Kansas</subfield>
    <subfield code="z">Meade County.</subfield>
  </datafield>
  <datafield tag="700" ind1="1" ind2="2">
    <subfield code="a">Hess, Robert Harlan,</subfield>
    <subfield code="d">1910-    .</subfield>
  </datafield>
  <datafield tag="700" ind1="1" ind2="2">
    <subfield code="a">Holmes, Elza Orville,</subfield>
    <subfield code="d">1910-    .</subfield>
  </datafield>
  <datafield tag="710" ind1="2" ind2=" ">
    <subfield code="a">Geological Survey (U.S.)</subfield>
  </datafield>
  <datafield tag="999" ind1=" " ind2=" ">
    <subfield code="c">27879</subfield>
    <subfield code="d">27879</subfield>
  </datafield>
</record>
